00573nam a22002057a 450000500170000001000130001702000230003003500130005303700160006604000120008208200130009410000170010724500660012426000390019027000560022930000200028550000180030565000200032365000240034320170124105914.0 aB-031455 c550.00a8170003083 aB-031455 bCen Lib/Ret aDPLbEN a020bISA aIsaac, K. A. aGlimpses of library and information science /cby K. A. Isaac aDelhib Ess Ess Publicationsc2001 a4837/24, Ansari Road, Darya GanjbNew Delhie110007 a223p.c22cm(Hb) aInduces index aLibrary Science aInformation Science